000 01178 a2200241 4500
001 25057
005 20260407155534.0
008 260407a1973 arg spa d
003 AR-UNSa-BCEJYS
040 _aAR-UNSa-BCEJYS
_bspa
_cAR-UNSa-BCEJYS
080 _a519.2
_xProbabilidades y estadística matemática
245 1 0 _aIntroducción a la estadística económica
020 _a84-610-6029-6
264 1 _aBuenos Aires :
_bAmorrortu Editores
_c1973
300 _a734 p.
_c23 cm.
505 _a1. Economía y estadística - 2. Estadística descriptiva - 3. Medición de los cambios en los agregados económicos - 4. Probabilidad básica - 5. Distribuciones de probabilidad - 6. Distribuciones teóricas - 7. Muestreo y estimación - 8. Prueba de hipótesis estadísticas - 9. Regresión simple - 10. Análisi de regresión múltiple - 11. Análisis univariado de series cronólogicas - 12. Identificación, ordenamiento casual y estimación en lso modelos económicos.
942 _cBK
590 _aniveau_biblio:m niveau_hierar:0
100 1 _aMerrill, William C.
700 1 _aFox, Karl A.
700 1 _aKitaigorodzki, Mauricio
700 1 _aSbarra Mitre, Oscar J.
999 _c1283
_d1283